Análisis del patrón de voladuras a cielo abierto, caso específico de una mina de piedra caliza en la provincia de Cartago
Guardado en:
| Autor principal: | |
|---|---|
| Formato: | Libro |
| Publicado: |
San José, C.R.
2002
|
| Materias: | |
| Etiquetas: |
Agregar Etiqueta
Sin Etiquetas, Sea el primero en etiquetar este registro!
|
MARC
| LEADER | 00000nam a2200000Ia 4500 | ||
|---|---|---|---|
| 003 | 009015 | ||
| 005 | 20221231144151.0 | ||
| 008 | 140114s2002 cr a m 000 ||s d | ||
| 040 | |c cru CEDI | ||
| 090 | |a TFG 4576 | ||
| 100 | |a Fallas Leal, Rafael |9 7205 | ||
| 245 | |a Análisis del patrón de voladuras a cielo abierto, caso específico de una mina de piedra caliza en la provincia de Cartago | ||
| 260 | |c 2002 |a San José, C.R. | ||
| 300 | |a 147 hojas : ilustraciones | ||
| 500 | |a Tesis (licenciatura en ingeniería civil)--Universidad de Costa Rica. Facultad de Ingeniería. Escuela de Ingeniería Civil | ||
| 650 | |x VOLADURAS (MINERIA) |x DISEÑO |x PROGRAMAS PARA COMPUTADORA |x EXPLOSIONES EN LAS MINAS |x AGUACALIENTE (CARTAGO, COSTA RICA) |x HUECOS |x INGENIERÍA DE MINAS |9 7206 | ||
| 942 | |c TFG | ||
| 999 | |c 17869 |d 17869 | ||
